Eurozóna: limity dlhov a predpoklady riešenia

Vývoj dlhu v eurozóne – dynamika dlhu a jej zložky. Vývoj hospodárenia rozpočtov eurozóny. Vývoj zadlženia eurozóny a Slovenska. Zložky dynamiky zadlženia eurozóny. Reakcia na dlh a nabaľovanie dlhu v eurozóne.

Salvato in:
Dettagli Bibliografici
Autore principale: Hajnovič, František
Natura: Capitolo di libro
Lingua:slovacco
Soggetti:
Tags: Aggiungi Tag
Nessun Tag, puoi essere il primo ad aggiungerne!!

MARC

LEADER 00000naa a2200000 4500
001 0164766
005 20221103131413.6
041 0 |a slo 
044 |a SK 
245 1 0 |a Eurozóna: limity dlhov a predpoklady riešenia  |c František Hajnovič 
520 |a Vývoj dlhu v eurozóne – dynamika dlhu a jej zložky. Vývoj hospodárenia rozpočtov eurozóny. Vývoj zadlženia eurozóny a Slovenska. Zložky dynamiky zadlženia eurozóny. Reakcia na dlh a nabaľovanie dlhu v eurozóne. 
610 2 0 |a eurozóna 
610 2 0 |a zadlženosť 
610 2 0 |a Slovensko 
610 2 0 |a rozpočet spoločný 
610 2 0 |a deficit rozpočtový 
100 1 |a Hajnovič, František